¿Qué es el carlismo? / (Record no. 123109)

MARC details
000 -LEADER
campo de control de longitud fija 00828nam a2200217 i 4500
001 - NÚMERO DE CONTROL
campo de control 123109
003 - IDENTIFICADOR DE NÚMERO DE CONTROL
campo de control ES-MaACL
005 - FECHA Y HORA DE LA ÚLTIMA TRANSACCIÓN
campo de control 20251113183512.0
007 - CAMPO FIJO DE DESCRIPCIÓN FÍSICA--INFORMACIÓN GENERAL
campo de control de longitud fija t|
008 - DATOS DE LONGITUD FIJA--INFORMACIÓN GENERAL
campo de control de longitud fija 070214s1971 sp r ||||0| spa d
245 01 - MENCIÓN DEL TÍTULO
Título ¿Qué es el carlismo? /
Mención de responsabilidad, etc. edición cuidada por Francisco Elías de Tejada-Spinola, Rafael Gambra Ciudad, Francisco Puy Muñoz.
260 ## - PUBLICACIÓN, DISTRIBUCIÓN, ETC.
Lugar de publicación, distribución, etc. Madrid :
Nombre del editor, distribuidor, etc. Centro de Estudios Históricos y Políticos `General Zumalacárregui`,
Fecha de publicación, distribución, etc. 1971.
300 ## - DESCRIPCIÓN FÍSICA
Extensión 206 p ;
Dimensiones 18 cm.
610 24 - PUNTO DE ACCESO ADICIONAL DE MATERIA--NOMBRE DE ENTIDAD CORPORATIVA
Nombre de entidad corporativa o nombre de jurisdicción como elemento de entrada Partido Carlista.
9 (RLIN) 6133
700 1# - ENTRADA AGREGADA--NOMBRE PERSONAL
Nombre de persona Elías de Tejada, Francisco.
9 (RLIN) 46976
700 1# - ENTRADA AGREGADA--NOMBRE PERSONAL
Nombre de persona Gambra, Rafael.
9 (RLIN) 53775
700 1# - ENTRADA AGREGADA--NOMBRE PERSONAL
Nombre de persona Puy Muñoz, Francisco,
Fechas asociadas al nombre 1936-
9 (RLIN) 94445
710 2# - ENTRADA AGREGADA--NOMBRE DE ENTIDAD CORPORATIVA
Nombre de entidad corporativa o nombre de jurisdicción como elemento de entrada Centro de Estudios Históricos y Políticos "General Zumalacárregui"
9 (RLIN) 2650
852 ## - LOCALIZACIÓN
Ubicación ES-MaACL
Número de control de estantería C-50199
Sublocalización o colección R.80024
Holdings
Estatus retirado Estado de pérdida Estado de daño No para préstamo Biblioteca de origen Biblioteca actual Ubicación en estantería Fecha de adquisición Fuente de adquisición Total de préstamos Signatura topográfica completa Código de barras Visto por última vez Precio de reemplazo Tipo de ítem Koha
        Biblioteca del Ateneo de Madrid Biblioteca del Ateneo de Madrid Depósito 2 17/01/2008     C-50199 1128280 23/02/2023 23/02/2023 Libro impreso